[Event "HUN-chT2 Szechenyi 1516"]
[Site "Hungary"]
[Date "2015.12.06"]
[Round "6.11"]
[White "Mesits, Maxim"]
[Black "Szittar, Antal"]
[Result "0-1"]
[WhiteElo "1381"]
[BlackElo "1879"]
[PlyCount "98"]
[EventDate "2015.09.13"]
[EventType "team-tourn"]
[EventRounds "11"]
[EventCountry "HUN"]
[SourceTitle "CBM 170 Extra"]
[Source "ChessBase"]
[SourceDate "2016.02.25"]
[SourceVersion "1"]
[SourceVersionDate "2016.02.25"]
[SourceQuality "1"]
[WhiteTeam "Arboretum"]
[BlackTeam "Keszthely Spartacus"]
[WhiteTeamCountry "HUN"]
[BlackTeamCountry "HUN"]

1. e4 e6 2. d4 d5 3. Nc3 dxe4 4. Nxe4 Nd7 5. Nf3 Ngf6 6. Bd3 b6 7. 0-0 Bb7 8. Re1 Be7 9. h3 0-0 10. Bf4 Nxe4 11. Bxe4 Bxe4 12. Rxe4 Nf6 13. Re2 Bd6 14. Ne5 Nd5 15. Bh2 f6 16. c4 Ne7 17. Nf3 Bxh2+ 18. Kxh2 Qd6+ 19. Kg1 Nc6 20. Qd2 Rad8 21. Rd1 Rfe8 22. a3 a5 23. Kh1 Re7 24. Re3 Red7 25. Rd3 e5 26. d5 Ne7 27. Nh4 Kh8 28. b4 axb4 29. Qxb4 Qxb4 30. axb4 g5 31. Nf3 e4 32. Nxg5 fxg5 33. Re3 c6 34. Rxe4 cxd5 35. cxd5 Nxd5 36. Rg4 h6 37. Re1 Nf6 38. Rc4 Rd1 39. Rxd1 Rxd1+ 40. Kh2 Rd6 41. b5 Kg7 42. Kg3 Kf7 43. Kf3 Rd5 44. Rb4 Ke6 45. Ke3 Rc5 46. h4 Nd5+ 47. Ke4 Nxb4 48. hxg5 Rxg5 49. g3 Rxb5 0-1

[Event "HUN-chT2 Szechenyi 1415"]
[Site "Hungary"]
[Date "2014.12.14"]
[Round "6.9"]
[White "Szittar, Antal"]
[Black "Varga, Tibor"]
[Result "0-1"]
[WhiteElo "1940"]
[BlackElo "2049"]
[PlyCount "104"]
[EventDate "2014.09.07"]
[EventType "team-tourn"]
[EventRounds "11"]
[EventCountry "HUN"]
[SourceTitle "EXT 2016"]
[Source "ChessBase"]
[SourceDate "2015.10.08"]
[SourceVersion "1"]
[SourceVersionDate "2015.10.08"]
[SourceQuality "1"]
[WhiteTeam "Keszthely"]
[BlackTeam "HVSE Infraplan"]
[WhiteTeamCountry "HUN"]
[BlackTeamCountry "HUN"]

1. e4 d6 2. d4 Nf6 3. Nc3 Nbd7 4. Nf3 e5 5. Bc4 Be7 6. 0-0 0-0 7. Bg5 c6 8. a4 b6 9. h3 a6 10. Bxf6 Bxf6 11. d5 c5 12. Ne2 Bg5 13. Nxg5 Qxg5 14. Ng3 Nf6 15. Be2 h6 16. Bf3 g6 17. Re1 Nh7 18. Qc1 Qh4 19. Ra3 f5 20. Kf1 Ng5 21. Re2 f4 22. Nh1 Nxh3 23. gxh3 Bxh3+ 24. Ke1 g5 25. Kd2 g4 26. Qg1 Qg5 27. Bxg4 f3+ 28. Ree3 Qxg4 29. Qxg4+ Bxg4 30. Ng3 b5 31. axb5 axb5 32. Rxa8 Rxa8 33. Re1 Kh7 34. Nf1 h5 35. Nh2 Rf8 36. Nxg4 hxg4 37. Rg1 Rf4 38. Ke3 b4 39. Rh1+ Kg6 40. Rh8 Rf6 41. Rg8+ Kh5 42. Rh8+ Rh6 43. Rg8 Kh4 44. Re8 Rf6 45. Rh8+ Kg5 46. Rg8+ Rg6 47. Rh8 Kf6 48. Rd8 Ke7 49. Rh8 Kf7 50. Rh7+ Kf8 51. Rh4 Kg7 52. Rh2 Rh6 0-1

[Event "HUN-chT2 Szechenyi 1314"]
[Site "Hungary"]
[Date "2013.10.20"]
[Round "3.10"]
[White "Szittar, Antal"]
[Black "Szokolszky, Miklos"]
[Result "1/2-1/2"]
[WhiteElo "1940"]
[BlackElo "1845"]
[PlyCount "63"]
[EventDate "2013.09.08"]
[EventType "team-tourn"]
[EventRounds "11"]
[EventCountry "HUN"]
[SourceTitle "EXT 2016"]
[Source "ChessBase"]
[SourceDate "2015.10.08"]
[SourceVersion "1"]
[SourceVersionDate "2015.10.08"]
[SourceQuality "1"]
[WhiteTeam "Keszthely Spartacus"]
[BlackTeam "Sarvar"]
[WhiteTeamCountry "HUN"]
[BlackTeamCountry "HUN"]

1. e4 e5 2. Nf3 Nc6 3. Bb5 a6 4. Ba4 Nf6 5. 0-0 Be7 6. d3 b5 7. Bb3 d6 8. c3 Bg4 9. Nbd2 0-0 10. Re1 Qd7 11. Nf1 Rad8 12. h3 Be6 13. Ng3 h6 14. Qe2 Rfe8 15. Bxe6 Qxe6 16. b3 d5 17. Bb2 dxe4 18. dxe4 g6 19. Rad1 Bc5 20. Rxd8 Rxd8 21. Rd1 Rxd1+ 22. Qxd1 Qd6 23. Qe2 Nd7 24. Bc1 Kg7 25. Qd2 Qxd2 26. Bxd2 Ba7 27. Kf1 Nc5 28. Ke2 f6 29. Be3 Ne6 30. Ne1 Bxe3 31. Kxe3 Kf7 32. Ne2 1/2-1/2

[Event "HUN-chT2 Szechenyi 1314"]
[Site "Hungary"]
[Date "2013.09.08"]
[Round "1.10"]
[White "Szittar, Antal"]
[Black "Fur, Katinka"]
[Result "1-0"]
[WhiteElo "1940"]
[BlackElo "1999"]
[PlyCount "95"]
[EventDate "2013.09.08"]
[EventType "team-tourn"]
[EventRounds "11"]
[EventCountry "HUN"]
[SourceTitle "EXT 2016"]
[Source "ChessBase"]
[SourceDate "2015.10.08"]
[SourceVersion "1"]
[SourceVersionDate "2015.10.08"]
[SourceQuality "1"]
[WhiteTeam "Keszthely Spartacus"]
[BlackTeam "Balatonfuered"]
[WhiteTeamCountry "HUN"]
[BlackTeamCountry "HUN"]

1. e4 e6 2. d4 d5 3. e5 c5 4. c3 Qb6 5. Nf3 Nc6 6. a3 c4 7. g3 Na5 8. Nbd2 Bd7 9. Bh3 Ne7 10. 0-0 Ng6 11. Bg2 Rc8 12. h4 Ne7 13. Bh3 g6 14. Rb1 Nf5 15. Re1 Be7 16. Qc2 h5 17. Nf1 Nb3 18. Bf4 a5 19. N1d2 Ba4 20. Nxb3 Bxb3 21. Qd2 Qc6 22. Bg5 Bf8 23. Bf6 Rg8 24. Ng5 Bh6 25. Qe2 Bxg5 26. Bxg5 Ne7 27. Rbc1 Qc7 28. Qf3 Nc6 29. Re3 b5 30. Ree1 Ra8 31. Qf6 Qe7 32. Qf3 Qf8 33. Ra1 Kd7 34. Qe3 b4 35. axb4 axb4 36. Qf4 Qg7 37. Bh6 Qh7 38. Bg5 Bc2 39. cxb4 Rab8 40. Qd2 Bd3 41. Be3 Nxb4 42. Ra7+ Kc6 43. Rea1 Rge8 44. R1a4 g5 45. Rxb4 Be2 46. Rxb8 Rxb8 47. Qa5 Qb1+ 48. Kh2 1-0

[Event "HUN-chT2 Szechenyi 1112"]
[Site "Hungary"]
[Date "2012.04.22"]
[Round "9.8"]
[White "Gyarmati, Janos"]
[Black "Szittar, Antal"]
[Result "1/2-1/2"]
[WhiteElo "2056"]
[BlackElo "2001"]
[PlyCount "145"]
[EventDate "2011.09.25"]
[EventType "team-tourn"]
[EventRounds "11"]
[EventCountry "HUN"]
[SourceTitle "EXT 2013"]
[Source "ChessBase"]
[SourceDate "2012.11.22"]
[SourceVersion "1"]
[SourceVersionDate "2012.11.22"]
[SourceQuality "1"]
[WhiteTeam "Tapolca"]
[BlackTeam "Keszthely"]
[WhiteTeamCountry "HUN"]
[BlackTeamCountry "HUN"]

1. e4 e6 2. d4 d5 3. exd5 exd5 4. Nf3 Nc6 5. Bb5 Bd6 6. c4 a6 7. Ba4 Bb4+ 8. Nc3 Nge7 9. Ne5 0-0 10. Bxc6 Nxc6 11. Nxc6 bxc6 12. Qa4 Bxc3+ 13. bxc3 dxc4 14. Qxc6 Be6 15. 0-0 Bd5 16. Qc5 c6 17. Bf4 Re8 18. Rfe1 Qd7 19. Bg3 Rxe1+ 20. Rxe1 Re8 21. Rb1 h5 22. h3 Qf5 23. Qb4 h4 24. Be5 f6 25. Bd6 Re2 26. Rf1 Qe4 27. f3 Qe3+ 28. Kh1 Qd2 29. Qb8+ Kh7 30. Qb1+ Qd3 31. a3 a5 32. Rc1 Re3 33. Qxd3+ cxd3 34. Rd1 Bc4 35. Rd2 Re1+ 36. Kh2 Rc1 37. Bc7 Rxc3 38. Bxa5 Rxa3 39. Bb4 Rb3 40. Ba5 Kg6 41. g3 hxg3+ 42. Kxg3 Rb5 43. Bc3 Kf5 44. h4 Rb3 45. Ba5 Ra3 46. Bb4 Ra4 47. Bc3 Ke6 48. Kf4 Ra3 49. Bb4 Rb3 50. Ba5 Kd5 51. Ke3 Rb8 52. Bc3 Re8+ 53. Kf2 g6 54. Kg3 Re2 55. Rxe2 dxe2 56. Kf2 Bd3 57. Ke3 Kc4 58. Be1 Bc2 59. Bf2 Bd1 60. Be1 Kd5 61. Bf2 Ke6 62. Kf4 Bb3 63. Be1 Bc4 64. Bf2 Bb5 65. Be1 Kd5 66. Ke3 Kc4 67. Ba5 f5 68. f4 Kb3 69. Be1 Kc2 70. Ba5 Kd1 71. Kf2 Bd3 72. Bb4 Be4 73. Ba5 1/2-1/2

[Event "HUN-chT2 Szechenyi 1011"]
[Site "Hungary"]
[Date "2011.05.15"]
[Round "11.5"]
[White "Szittar, Antal"]
[Black "Nemeth, Jozsef"]
[Result "1/2-1/2"]
[WhiteElo "2054"]
[BlackElo "2083"]
[PlyCount "141"]
[EventDate "2010.09.12"]
[EventType "team-tourn"]
[EventRounds "11"]
[EventCountry "HUN"]
[SourceTitle "EXT 2012"]
[Source "ChessBase"]
[SourceDate "2011.11.24"]
[SourceVersion "1"]
[SourceVersionDate "2011.11.24"]
[SourceQuality "1"]
[WhiteTeam "Spartacus"]
[BlackTeam "Zala Volan"]
[WhiteTeamCountry "HUN"]
[BlackTeamCountry "HUN"]

1. e4 c5 2. c3 d5 3. exd5 Qxd5 4. d4 Nc6 5. Nf3 Nf6 6. Be2 cxd4 7. cxd4 e6 8. Nc3 Qd6 9. 0-0 Be7 10. a3 0-0 11. h3 b6 12. Be3 Bb7 13. Qd2 Nd5 14. Nxd5 Qxd5 15. b4 Rfd8 16. Rac1 b5 17. Qd3 a6 18. Rfd1 Rd7 19. Ne1 Bf6 20. Bf3 Qd6 21. Qc3 Ne7 22. Bxb7 Rxb7 23. Qc5 Qd7 24. Qh5 Rd8 25. Qe2 Nd5 26. Nf3 Rc7 27. Rxc7 Qxc7 28. Rc1 Qd6 29. Qc2 Nb6 30. Qc6 Nc4 31. Qxd6 Rxd6 32. Rc3 h6 33. Kf1 g5 34. Ke2 Kg7 35. g4 Kg6 36. Rd3 h5 37. Nd2 Nxd2 38. Kxd2 Bg7 39. f3 f5 40. gxf5+ Kxf5 41. Ke2 e5 42. d5 Bf6 43. Bc5 Rd7 44. Ke3 Bg7 45. d6 Bf8 46. Rd5 Bh6 47. Kf2 Ke6 48. Rd1 Bf8 49. Rg1 Kf5 50. Be3 Bh6 51. h4 Rxd6 52. Bxg5 Bg7 53. Ke3 Rg6 54. Rd1 Bf6 55. Bxf6 Rxf6 56. Rd8 Rc6 57. Rh8 Rc3+ 58. Ke2 Rxa3 59. Rxh5+ Kf4 60. Rg5 Re3+ 61. Kd2 Rxf3 62. Rg6 Rb3 63. Rxa6 Rxb4 64. h5 Kg5 65. h6 Rh4 66. Re6 Kf5 67. Rb6 b4 68. h7 Rxh7 69. Rxb4 Rh3 70. Ke2 e4 71. Rb1 1/2-1/2

[Event "HUN-chT2 Szechenyi 0910"]
[Site "Hungary"]
[Date "2010.04.18"]
[Round "10.6"]
[White "Szittar, Antal"]
[Black "Horvath, Tamas"]
[Result "0-1"]
[WhiteElo "2033"]
[BlackElo "2163"]
[PlyCount "120"]
[EventDate "2009.11.08"]
[EventType "team-tourn"]
[EventRounds "11"]
[EventCountry "HUN"]
[SourceTitle "EXT 2011"]
[Source "ChessBase"]
[SourceDate "2010.11.26"]
[SourceVersion "1"]
[SourceVersionDate "2010.11.26"]
[SourceQuality "1"]
[WhiteTeam "Keszthely"]
[BlackTeam "Gyor Elektromos"]
[WhiteTeamCountry "HUN"]
[BlackTeamCountry "HUN"]

1. e4 c5 2. c3 g6 3. d4 cxd4 4. cxd4 d5 5. e5 Bg7 6. Nf3 Bg4 7. h3 Bxf3 8. Qxf3 e6 9. Bb5+ Nc6 10. Nc3 Qb6 11. Qd3 Nge7 12. Be3 Rc8 13. 0-0 0-0 14. Bxc6 Rxc6 15. Rab1 Rfc8 16. Rfc1 Qb4 17. Qb5 Qxb5 18. Nxb5 Rxc1+ 19. Rxc1 Rxc1+ 20. Bxc1 Nc6 21. Be3 Bf8 22. Kf1 a6 23. Nc3 Bb4 24. Ne2 b5 25. a3 Be7 26. Ke1 Na5 27. Kd1 Nc4 28. Bc1 g5 29. Kc2 Kg7 30. Nc3 Kg6 31. Nb1 Kf5 32. b3 Na5 33. Bd2 Nc6 34. Kd3 h5 35. Bc1 f6 36. exf6 Bxf6 37. Bb2 g4 38. hxg4+ Kxg4 39. Nd2 Bh4 40. Ke2 Bg5 41. Nf1 Na5 42. f3+ Kf5 43. Kd3 Nxb3 44. Ng3+ Kg6 45. Bc3 Nc1+ 46. Kc2 h4 47. Nf1 Ne2 48. Bb2 Nf4 49. g3 hxg3 50. Nxg3 Ng2 51. Bc3 Nh4 52. Kb3 Nxf3 53. Kb4 Be7+ 54. Ka5 Bxa3 55. Ne2 Kf5 56. Kxa6 b4 57. Ba1 b3 58. Kb5 b2 59. Bxb2 Bxb2 60. Kc5 Nxd4 0-1

[Event "HUN-chT2 Szechenyi 0910"]
[Site "Hungary"]
[Date "2010.01.17"]
[Round "4.5"]
[White "Tako, Annamaria"]
[Black "Szittar, Antal"]
[Result "0-1"]
[WhiteElo "1947"]
[BlackElo "2033"]
[PlyCount "170"]
[EventDate "2009.11.08"]
[EventType "team-tourn"]
[EventRounds "11"]
[EventCountry "HUN"]
[SourceTitle "EXT 2011"]
[Source "ChessBase"]
[SourceDate "2010.11.26"]
[SourceVersion "1"]
[SourceVersionDate "2010.11.26"]
[SourceQuality "1"]
[WhiteTeam "Arboretum"]
[BlackTeam "Keszthely"]
[WhiteTeamCountry "HUN"]
[BlackTeamCountry "HUN"]

1. e4 e6 2. d4 d5 3. exd5 exd5 4. Bd3 Bd6 5. Ne2 Ne7 6. c3 Bg4 7. h3 Bh5 8. Qc2 Bg6 9. Bf4 Nbc6 10. Nd2 Bxd3 11. Qxd3 Ng6 12. Bxd6 Qxd6 13. 0-0 0-0 14. Rfe1 Rae8 15. Nf1 Re6 16. Ne3 a6 17. Nf5 Qd7 18. Neg3 Nce7 19. Nxe7+ Qxe7 20. Rxe6 Qxe6 21. Qf5 Re8 22. Qf3 c6 23. Kf1 Kf8 24. Qh5 h6 25. Nf5 Qf6 26. g3 Ne7 27. Nxe7 Qxe7 28. Qf3 Qe6 29. Kg2 Qe2 30. Qxe2 Rxe2 31. Rb1 Ke7 32. Kf1 Rc2 33. Re1+ Kd6 34. Re2 Rc1+ 35. Kg2 a5 36. Kf3 b5 37. a3 Kd7 38. Ke3 g5 39. Kf3 h5 40. h4 gxh4 41. gxh4 Rh1 42. Kg3 f6 43. f3 b4 44. axb4 axb4 45. Kf4 b3 46. Kg3 Rc1 47. Kf2 Rh1 48. Kg3 Rc1 49. Kf2 Rb1 50. Kg2 Kd6 51. Kf2 c5 52. dxc5+ Kxc5 53. Rd2 Rc1 54. Re2 Kc4 55. Rd2 Rc2 56. Ke3 Rc1 57. Kf2 Kc5 58. Re2 d4 59. cxd4+ Kxd4 60. Rd2+ Ke5 61. Re2+ Kf5 62. Rd2 Rc2 63. Ke3 Rxd2 64. Kxd2 Kf4 65. Kc3 Kxf3 66. Kxb3 Kg2 67. Kc3 f5 68. b4 f4 69. b5 f3 70. b6 f2 71. b7 f1Q 72. b8Q Qf6+ 73. Kd3 Qxh4 74. Qb7+ Kg3 75. Qd5 Qg4 76. Qe5+ Kg2 77. Qb2+ Kh3 78. Qb5 Qf3+ 79. Kd2 h4 80. Qd7+ Kh2 81. Qe7 h3 82. Qh4 Qg3 83. Qh5 Kg2 84. Ke2 Qf2+ 85. Kd1 Qf3+ 0-1

[Event "HUN-chT2 Szechenyi 0809"]
[Site "Hungary"]
[Date "2008.12.21"]
[Round "4.6"]
[White "Szittar, Antal"]
[Black "Horvath, Adam2222"]
[Result "1/2-1/2"]
[WhiteElo "2028"]
[BlackElo "2078"]
[PlyCount "68"]
[EventDate "2008.10.26"]
[EventType "team-tourn"]
[EventRounds "11"]
[EventCountry "HUN"]
[SourceTitle "EXT 2010"]
[Source "ChessBase"]
[SourceDate "2010.11.25"]
[SourceVersion "1"]
[SourceVersionDate "2010.11.25"]
[SourceQuality "1"]
[WhiteTeam "Keszthely"]
[BlackTeam "Tapolca II"]
[WhiteTeamCountry "HUN"]
[BlackTeamCountry "HUN"]

1. e4 e5 2. Nf3 Nc6 3. Bb5 a6 4. Ba4 Nf6 5. 0-0 d6 6. d3 Bg4 7. c3 Be7 8. Bg5 0-0 9. Nbd2 b5 10. Bc2 h6 11. Bxf6 Bxf6 12. Re1 Bg5 13. Nf1 Ne7 14. Ne3 Bxe3 15. fxe3 f5 16. Bb3+ Kh8 17. Be6 Rf6 18. Bxf5 Nxf5 19. exf5 Rxf5 20. Rf1 Qf6 21. h3 Bxf3 22. Rxf3 Rf8 23. Rxf5 Qxf5 24. Qe2 Kh7 25. e4 Qf4 26. Rf1 Qxf1+ 27. Qxf1 Rxf1+ 28. Kxf1 Kg6 29. Kf2 Kf6 30. Kf3 a5 31. b3 Ke6 32. a3 c6 33. Ke3 d5 34. g3 g6 1/2-1/2

[Event "HUN-chT2 Szechenyi 0809"]
[Site "Hungary"]
[Date "2008.10.26"]
[Round "1.6"]
[White "Mihalyfi, Gabor"]
[Black "Szittar, Antal"]
[Result "1-0"]
[WhiteElo "2071"]
[BlackElo "2028"]
[PlyCount "117"]
[EventDate "2008.10.26"]
[EventType "team-tourn"]
[EventRounds "11"]
[EventCountry "HUN"]
[SourceTitle "EXT 2010"]
[Source "ChessBase"]
[SourceDate "2010.11.25"]
[SourceVersion "1"]
[SourceVersionDate "2010.11.25"]
[SourceQuality "1"]
[WhiteTeam "Ajka Banyasz"]
[BlackTeam "Keszthely"]
[WhiteTeamCountry "HUN"]
[BlackTeamCountry "HUN"]

1. d4 Nf6 2. c4 g6 3. Nc3 Bg7 4. e4 d6 5. Be2 c6 6. Be3 Qa5 7. f3 Na6 8. Qd2 Bd7 9. Bd3 0-0 10. Rc1 e5 11. d5 cxd5 12. cxd5 Rfc8 13. Nge2 Nc5 14. Bc2 b5 15. a3 Qd8 16. b4 Nb7 17. Bd3 a6 18. 0-0 Ne8 19. f4 f6 20. f5 g5 21. h4 h6 22. hxg5 fxg5 23. Ng3 Nf6 24. Be2 Be8 25. Qd1 Qd7 26. Bd3 Nd8 27. Nh1 Bh5 28. Qd2 Be8 29. Nf2 Qf7 30. g4 Qb7 31. Kg2 Nf7 32. Rc2 Rc7 33. Rfc1 Rac8 34. Qe2 Bd7 35. a4 Rb8 36. axb5 Bxb5 37. Nxb5 Rxc2 38. Rxc2 axb5 39. Rc6 Qa8 40. Rc2 Qa3 41. Qd2 Qa8 42. Ra2 Qb7 43. Ra5 Qd7 44. Qe2 Qc7 45. Rxb5 Rxb5 46. Bxb5 Qb8 47. Qc4 h5 48. gxh5 Nxh5 49. Ba6 Bf8 50. b5 Nf4+ 51. Kf3 Qd8 52. Ng4 Qa5 53. Qf1 Be7 54. b6 Bd8 55. b7 Bc7 56. Qb5 Qxb5 57. Bxb5 Nd8 58. Ba6 Kf7 59. Ba7 1-0

[Event "HUN-chT2 Szechenyi 0708"]
[Site "Hungary"]
[Date "2008.02.17"]
[Round "6"]
[White "Adrian, Robert"]
[Black "Szittar, Antal"]
[Result "1-0"]
[WhiteElo "2084"]
[BlackElo "2078"]
[PlyCount "97"]
[EventDate "2007.10.14"]
[EventType "team"]
[EventRounds "11"]
[EventCountry "HUN"]
[SourceTitle "EXT 2009"]
[Source "ChessBase"]
[SourceDate "2008.11.26"]
[SourceVersion "1"]
[SourceVersionDate "2008.11.26"]
[SourceQuality "1"]
[WhiteTeam "Tapolca Szeremley"]
[BlackTeam "Keszthely"]
[WhiteTeamCountry "HUN"]
[BlackTeamCountry "HUN"]

1. e4 e6 2. d4 d5 3. exd5 exd5 4. Bd3 Bd6 5. Nf3 Bg4 6. h3 Bh5 7. g4 Bg6 8. Nc3 Ne7 9. Bg5 f6 10. Be3 Bxd3 11. Qxd3 Nbc6 12. a3 Qd7 13. 0-0-0 a6 14. Nh4 g5 15. Ng2 0-0-0 16. f4 gxf4 17. Nxf4 Bxf4 18. Bxf4 h5 19. g5 fxg5 20. Bxg5 Rdf8 21. Rhf1 Rxf1 22. Rxf1 Qe8 23. Qe3 Ng6 24. Nxd5 Qxe3+ 25. Bxe3 Rd8 26. c4 Na5 27. Bg5 Rd7 28. Re1 b6 29. Re6 Nxc4 30. Nxb6+ Nxb6 31. Rxg6 Rxd4 32. Rh6 Kd7 33. Rxh5 Ke6 34. Rh7 Nd5 35. h4 a5 36. Kc2 Rg4 37. Rh6+ Kd7 38. Kb3 a4+ 39. Ka2 Nb6 40. Rh7+ Kc6 41. Bd8 Nd7 42. Rh6+ Kb7 43. Rh5 Kc6 44. Rg5 Re4 45. Rg6+ Kb7 46. h5 Nc5 47. h6 Nb3 48. Rg1 Rd4 49. Bf6 1-0